| 000 | 00673nam a2200229 a 4500 | ||
|---|---|---|---|
| 001 | 000017268 | ||
| 003 | OSt | ||
| 005 | 20260321073640.0 | ||
| 008 | 100322s1990 dr 000 0 spa d | ||
| 040 |
_aDO-SdBNP _bspa _cBNPHU |
||
| 082 |
_aRD863.44 _bB742c, 1990 |
||
| 100 | 1 |
_a Bosch, Juan, _d1909-2001 _976555 |
|
| 245 | 1 | 0 |
_aMás cuentos escritos en exilio / _cJuan Bosch. |
| 250 | _a13a. ed. | ||
| 260 |
_aSanto Domingo : _bAlfa y Omega, _c1990. |
||
| 300 |
_a284 p. ; _c21 cm. |
||
| 590 | _aInventariado, 2020 / DG | ||
| 650 | 0 |
_aCuentos dominicanos _9176 |
|
| 650 | 0 |
_aLiteratura dominicana. _967 |
|
| 910 | _aValidado. Control de calidad MFF | ||
| 942 |
_2ddc _cLBS1 |
||
| 999 |
_c16793 _d16793 |
||